000 01248nam a2200361 i 4500
001 13610
003 KOSZ 005
005 20200504111427.0
008 080208s1967 pl a f 000 0 pol
015 _aPB 1967/6920
040 _aWA N
_cWA N
_dKOSZ 005/KK
046 _k1967
080 _a658.2
080 _a331.87
100 1 _aHeidrich, Adolf
_d(1899-1983).
_eAutor
245 1 0 _aTechnika a rezerwy wydajności pracy /
_cZbigniew Heidrich.
260 _aWarszawa :
_bPaństwowe Wydawnictwo Ekonomiczne,
_c1967.
300 _a193, [3] strony, [1] karta, tablice :
_bilustracje ;
_c18 cm.
336 _aTekst
_btxt
_2rdacontent
337 _aBez urządzenia pośredniczącego
_bn
_2rdamedia
338 _aWolumin
_bnc
_2rdacarrier
380 _aKsiążki
388 _a1901-2000
504 _aBibliografia na stronach 186-[188].
658 _aGospodarka, ekonomia, finanse
650 4 _aPrzemysł
650 4 _aŚrodki trwałe
650 4 _aPostęp techniczny
650 4 _aProduktywność pracy
710 2 _aPaństwowe Wydawnictwo Ekonomiczne
_4pbl.
856 _uhttp://koha.tu.koszalin.pl/cgi-bin/koha/opac-detail.pl?biblionumber=13610
_yKatalog online BPK
942 _2UKD
_cKS
999 _c13610
_d13610